01020nam a2200277 a 450000100060000000300080000600500170001400800410003102000150007202000180008703500140010504000320011904100080015108200280015924500830018725000550027026000740032530000610039950400510046065000370051165000270054865000290057565000560060465000460066070000360070676960BD-RjUL20211209082917.0031120r20062005ii a b 001 0 eng  a8120328167 a9788120328167 a(BD-RjUL) aDLCcDLCdDLCdBD-RjULbeng aeng00a519.50285223bSTA 200600aStatistics for managers using Microsoft Excel /cDavid M. Levine ... [et al.]. a4th ed. , Indian Reprint ed. , Eastern Economy ed. aNew Delhi :bPrentice Hall of India Pvt. Ltd. ,cc2005 [Reprint 2006] axxii, 886 p. :b ill. ;c29 cm.e+ 1 CD-ROM (4 3/4 in.). aIncludes bibliographical references and index. 0aManagementxStatistical methods. 0aCommercial statistics. 0aElectronic spreadsheets. 0aManagementxStatistical methodsxComputer programs. 0aCommercial statisticsxComputer programs.1 aLevine, David M. ... [et al.].